Nulidad del despido sin causa (Registro nro. 25134)
[ vista simple ]
| 000 -LEADER | |
|---|---|
| fixed length control field | 00356 a2200109 4500 |
| 001 - CONTROL NUMBER | |
| control field | ART_22231 |
| 005 - DATE AND TIME OF LATEST TRANSACTION | |
| control field | 20260410161852.0 |
| 008 - FIXED-LENGTH DATA ELEMENTS--GENERAL INFORMATION | |
| fixed length control field | 260409a |
| 100 1# - MAIN ENTRY--PERSONAL NAME | |
| Personal name | Capon Filas, Rodolfo E. |
| 245 10 - TITLE STATEMENT | |
| Title | Nulidad del despido sin causa |
| 773 0# - HOST ITEM ENTRY | |
| Title | Derecho del trabajo |
| Related parts | Extinción del Contrato de Trabajo - Año II, Nº 7 (ene. 2014) |
| Record control number | REV10447 |
No hay ítems disponibles.